[Event "Kimry Summer op"]
[Site "Kimry"]
[Date "2016.06.10"]
[Round "6"]
[White "Semenov, Lev"]
[Black "Kolesnikov, Arseniy"]
[Result "0-1"]
[WhiteElo "1224"]
[BlackElo "1532"]
[PlyCount "152"]
[EventDate "2016.06.08"]
[EventType "swiss"]
[EventRounds "7"]
[EventCountry "RUS"]
[SourceTitle "CBM 172 Extra"]
[Source "ChessBase"]
[SourceDate "2016.06.21"]
[SourceVersion "1"]
[SourceVersionDate "2016.06.21"]
[SourceQuality "1"]

1. d4 Nf6 2. Bf4 g6 3. e3 Bg7 4. Nc3 d6 5. Nf3 Nc6 6. Bb5 0-0 7. 0-0 a6 8. Bc4 d5 9. Bb3 Bf5 10. Re1 e6 11. Qd2 Ne4 12. Nxe4 Bxe4 13. Ng5 Ne7 14. Nxe4 dxe4 15. c3 Nd5 16. Rac1 Nxf4 17. exf4 f5 18. Bxe6+ Kh8 19. Re3 Qd6 20. Bb3 Qxf4 21. Re2 Qh4 22. Qe1 Rae8 23. f3 Qf4 24. Qd1 Bh6 25. Rcc2 e3 26. Qe1 Qg5 27. c4 f4 28. Qb4 Qf6 29. d5 Qd4 30. Qc3 Qxc3 31. Rxc3 Bg7 32. Rcc2 Rc8 33. c5 Rfd8 34. c6 bxc6 35. Rxc6 Rd6 36. Rxd6 cxd6 37. h3 Rc1+ 38. Kh2 Bf6 39. g3 g5 40. Bc2 Rf1 41. b3 Rf2+ 42. Rxf2 exf2 43. Bd3 Be5 44. gxf4 Bxf4+ 45. Kg2 Be3 46. Bxa6 Kg7 47. Bc4 Kf6 48. a4 Ke7 49. a5 Kd7 50. a6 Kc7 51. b4 Kb6 52. b5 h6 53. Kf1 Ka5 54. Ke2 Bb6 55. Kf1 Kb4 56. Bd3 Kc3 57. Ke2 Kd4 58. Be4 Ke5 59. Kf1 h5 60. Bg6 h4 61. Be4 g4 62. hxg4 h3 63. Bd3 Kxd5 64. f4 Ke6 65. g5 d5 66. g6 Kf6 67. f5 Kg7 68. Bc2 h2 69. Kg2 f1Q+ 70. Kxf1 h1Q+ 71. Ke2 Qg2+ 72. Kd3 Qf3+ 73. Kd2 Qe3+ 74. Kd1 Ba5 75. f6+ Kxf6 76. a7 Qd2# 0-1

[Event "Kimry Summer op"]
[Site "Kimry"]
[Date "2016.06.09"]
[Round "3"]
[White "Dementieva, Ksenia"]
[Black "Semenov, Lev"]
[Result "1-0"]
[WhiteElo "1492"]
[BlackElo "1224"]
[PlyCount "117"]
[EventDate "2016.06.08"]
[EventType "swiss"]
[EventRounds "7"]
[EventCountry "RUS"]
[SourceTitle "CBM 172 Extra"]
[Source "ChessBase"]
[SourceDate "2016.06.21"]
[SourceVersion "1"]
[SourceVersionDate "2016.06.21"]
[SourceQuality "1"]

1. e4 Nf6 2. Nc3 d5 3. e5 Nfd7 4. d4 e6 5. Nf3 c5 6. Be3 Nc6 7. g3 cxd4 8. Bxd4 Bb4 9. a3 Bxc3+ 10. Bxc3 Qc7 11. Qe2 0-0 12. 0-0-0 a5 13. Qe3 b6 14. Bb5 Ba6 15. Bxc6 Qxc6 16. Nd4 Qa4 17. Nb3 Bc4 18. Bd4 Rfb8 19. f4 Qc6 20. Nd2 Ba6 21. Qc3 Qxc3 22. Bxc3 Bb7 23. Rhf1 Bc6 24. g4 b5 25. b4 axb4 26. Bxb4 Nb6 27. f5 Nc4 28. Nxc4 bxc4 29. h4 exf5 30. gxf5 Re8 31. Rde1 Rac8 32. Rg1 Kh8 33. Bc3 Rcd8 34. Rd1 g6 35. e6+ Kg8 36. exf7+ Kxf7 37. fxg6+ hxg6 38. Rdf1+ Ke7 39. Bf6+ Kd7 40. Bxd8 Kxd8 41. Rxg6 Bb7 42. h5 Rh8 43. h6 Kc7 44. Rf7+ Kb8 45. h7 Bc8 46. Rg8 Rxh7 47. Rxh7 d4 48. Rhh8 Kc7 49. Rxc8+ Kd6 50. Rxc4 Kd5 51. Rhc8 Ke4 52. Rd8 Kf4 53. Rcxd4+ Ke5 54. Rd1 Ke6 55. Re1+ Kf7 56. Rd2 Kf6 57. Rf2+ Kg5 58. Rg1+ Kh4 59. Rh2# 1-0

[Event "Kimry Summer op"]
[Site "Kimry"]
[Date "2016.06.09"]
[Round "4"]
[White "Semenov, Lev"]
[Black "Mkrtchyan, Mikhail"]
[Result "0-1"]
[WhiteElo "1224"]
[BlackElo "1406"]
[PlyCount "50"]
[EventDate "2016.06.08"]
[EventType "swiss"]
[EventRounds "7"]
[EventCountry "RUS"]
[SourceTitle "CBM 172 Extra"]
[Source "ChessBase"]
[SourceDate "2016.06.21"]
[SourceVersion "1"]
[SourceVersionDate "2016.06.21"]
[SourceQuality "1"]

1. d4 d5 2. c4 e6 3. Nc3 Bb4 4. e3 Nf6 5. Bd2 Nc6 6. Nf3 Bd7 7. Bd3 0-0 8. 0-0 Qe7 9. a3 Bxc3 10. Bxc3 b6 11. b4 a6 12. cxd5 Nxd5 13. Bb2 a5 14. bxa5 Rxa5 15. e4 Nf6 16. Bc2 Rfa8 17. Qd3 g6 18. Ng5 Rxg5 19. Rfe1 Nh5 20. Qd2 Qf6 21. Bd1 Nf4 22. d5 Ne5 23. g3 Ba4 24. Kh1 Bxd1 25. gxf4 Bf3# 0-1

[Event "Kimry Summer op"]
[Site "Kimry"]
[Date "2016.06.08"]
[Round "1"]
[White "Kuryshkin, Anatoliy"]
[Black "Semenov, Lev"]
[Result "1-0"]
[WhiteElo "1913"]
[BlackElo "1224"]
[PlyCount "47"]
[EventDate "2016.06.08"]
[EventType "swiss"]
[EventRounds "7"]
[EventCountry "RUS"]
[SourceTitle "CBM 172 Extra"]
[Source "ChessBase"]
[SourceDate "2016.06.21"]
[SourceVersion "1"]
[SourceVersionDate "2016.06.21"]
[SourceQuality "1"]

1. e4 Nf6 2. e5 Nd5 3. d4 Nb6 4. Be3 e6 5. c4 d6 6. Nd2 Nc6 7. f4 Be7 8. Ngf3 0-0 9. Qc2 f6 10. exf6 Bxf6 11. Ne4 d5 12. Neg5 g6 13. c5 Nd7 14. h4 Qe7 15. h5 Qe8 16. hxg6 hxg6 17. g3 Nb4 18. Qh2 Qe7 19. a3 Nc6 20. Bd3 Qg7 21. Nxe6 Qf7 22. Qh6 Re8 23. Nfg5 Bxg5 24. Qh8# 1-0